Motivačné faktory a ich vplyv na výkonnosť zamestnancov v spoločnosti CHEMKOSTAV, a.s Michalovce bakalárska práca

Na minha lista:
Detalhes bibliográficos
Autor principal: Zambová, Lucia
Autor Corporativo: Podnikovohospodárska fakulta EU so sídlom v Košiciach. Katedra manažmentu
Outros Autores: Brosinger, Vladimír
Formato: Livro
Idioma:eslovaco
Publicado em: Košice 2009
Tags: Adicionar Tag
Sem tags, seja o primeiro a adicionar uma tag!

MARC

LEADER 00000nam$a2200000$$$4500
001 0106851
005 20240318131104.2
041 0 |a slo 
044 |a SK 
245 1 0 |a Motivačné faktory a ich vplyv na výkonnosť zamestnancov v spoločnosti CHEMKOSTAV, a.s Michalovce  |b bakalárska práca  |c Lucia Zambová ; škol. Vladimír Brosinger 
264 1 |a Košice  |c 2009 
300 |a 60 s. 
100 1 |a Zambová, Lucia 
700 1 |a Brosinger, Vladimír 
710 2 |a Podnikovohospodárska fakulta EU so sídlom v Košiciach. Katedra manažmentu